The UK housebuilders directory - 2006 edition (Record no. 105335)
[ view plain ]
| 000 -LEADER | |
|---|---|
| fixed length control field | 00927cam a2200205 4500 |
| 001 - CONTROL NUMBER | |
| control field | ##L133122 |
| 008 - FIXED-LENGTH DATA ELEMENTS--GENERAL INFORMATION | |
| fixed length control field | 060412n2006 000 0 eng u |
| 035 ## - SYSTEM CONTROL NUMBER | |
| System control number | (Sirsi) u133122 |
| 041 0# - LANGUAGE CODE | |
| Language code of text/sound track or separate title | eng |
| 050 04 - LIBRARY OF CONGRESS CALL NUMBER | |
| Classification number | 690.025 $2 18 |
| 110 2# - MAIN ENTRY--CORPORATE NAME | |
| Corporate name or jurisdiction name as entry element | Property Data Limited |
| 9 (RLIN) | 3654 |
| 245 04 - TITLE STATEMENT | |
| Title | The UK housebuilders directory - 2006 edition |
| 260 ## - PUBLICATION, DISTRIBUTION, ETC. | |
| Place of publication, distribution, etc. | London |
| Name of publisher, distributor, etc. | Eccleshall |
| Date of publication, distribution, etc. | 2006 |
| 300 ## - PHYSICAL DESCRIPTION | |
| Extent | 294p. |
| Dimensions | 30cm. |
| 350 ## - PRICE (NR) (BK AM CF MU VM SE) [OBSOLETE] | |
| Price | 275 |
| 505 2# - FORMATTED CONTENTS NOTE | |
| Formatted contents note | UK housebuilders by turnover -- Leading UK housebuilders by unit completions -- Leading UK housebuilders by average selling price -- Housebuilders by specialization -- Regional listing of UK housebuilders: UK housebuilders listed by 12 geographical regions -- UK housebuilders profiles A-Z: detailed information on over 1 500 UK housebuilders and residential developers. |
| 651 ## - SUBJECT ADDED ENTRY--GEOGRAPHIC NAME | |
| Geographic name | United Kingdom |
| Chronological subdivision | |
| 690 ## - LOCAL SUBJECT ADDED ENTRY--TOPICAL TERM (OCLC, RLIN) | |
| Topical term or geographic name as entry element | PROPERTY-RESIDENTIAL PROPERTY-RESIDENTIAL PROPERTY DEVELOPMENT |
| 942 ## - ADDED ENTRY ELEMENTS (KOHA) | |
| Suppress in OPAC | 0 |
| Withdrawn status | Lost status | Source of classification or shelving scheme | Damaged status | Not for loan | Home library | Current library | Shelving location | Date acquired | Cost, normal purchase price | Total Checkouts | Full call number | Barcode | Date last seen | Copy number | Cost, replacement price | Price effective from | Koha item type |
|---|---|---|---|---|---|---|---|---|---|---|---|---|---|---|---|---|---|
| Dewey Decimal Classification | London | London | Basement | 21/07/2006 | 275.00 | RESERVE SHELF 321 | 30072935 | 06/08/2019 | 1 | 275.00 | 06/08/2019 | Reference material |